Logo CIB grande

Retos : revista de ciencias de la administración y economía (Registro nro. 238311)

Detalles MARC
000 -LEADER
campo de control de longitud fija 00681nam a22001937a 4500
003 - IDENTIFICADOR DE NÚMERO DE CONTROL
campo de control EC-GqESP
005 - FECHA Y HORA DE LA ÚLTIMA TRANSACCIÓN
campo de control 20260409090723.0
008 - DATOS DE LONGITUD FIJA--INFORMACIÓN GENERAL
campo de control de longitud fija 260409b |||||||| |||| 00| 0 eng d
041 ## - CÓDIGO DE IDIOMA
Código de lengua del texto/banda sonora o título independiente spa
082 ## - NÚMERO DE LA CLASIFICACIÓN DECIMAL DEWEY
Número de clasificación 330.05
Iniciales del Autor UNI
110 ## - ENTRADA PRINCIPAL--NOMBRE DE ENTIDAD CORPORATIVA
Nombre de entidad corporativa o nombre de jurisdicción como elemento de entrada Universidad Politécnica Salesiana del Ecuador
245 ## - MENCIÓN DEL TÍTULO
Título Retos : revista de ciencias de la administración y economía
260 ## - PUBLICACIÓN, DISTRIBUCIÓN, ETC.
Lugar de publicación, distribución, etc. Cuenca, Ecuador
Nombre del editor, distribuidor, etc. Universidad Politécnica Salesiana : Abya-Yala
Fecha de publicación, distribución, etc. 2008
300 ## - DESCRIPCIÓN FÍSICA
Extensión Año 1, no. 2 ; páginas 96-186
Dimensiones 24 cm.
Otras características físicas ilustraciones
500 ## - NOTA GENERAL
Enlace https://retos.ups.edu.ec/index.php/retos/issue/view/78
504 ## - NOTA DE BIBLIOGRAFÍA, ETC.
Nota de bibliografía, etc. Nota Incluye referencia bibliográfica
650 ## - PUNTO DE ACCESO ADICIONAL DE MATERIA--TÉRMINO DE MATERIA
Término de materia o nombre geográfico como elemento de entrada Microcrédito
942 ## - ELEMENTOS DE ENTRADA SECUNDARIOS (KOHA)
Tipo de ítem Koha Libros
Fuente de la clasificación o esquema de estantería Clasificación Decimal Dewey
Existencias
Estatus retirado Estado de pérdida Fuente de la clasificación o esquema de estantería Estado de daño No para préstamo Biblioteca de origen Biblioteca actual Fecha de adquisición Coste, precio normal de compra Etiqueta RFID Total de préstamos Signatura topográfica completa Código de barras Visto por última vez Copia número Fecha de reemplazo Tipo de ítem Koha Nota pública
    Clasificación Decimal Dewey     CENTRO DE INFORMACIÓN BIBLIOTECARIA CENTRO DE INFORMACIÓN BIBLIOTECARIA 07/04/2026 1.00 0000000000000000038456   330.05 UNI D-202717 09/04/2026 1 09/04/2026 Libros CIB

Copyright 2025 ESPOL. Todos los derechos reservados.